01015cam a22002775a 45000010009000000050017000090080041000260200018000670400028000850820017001132450085001302500012002152600060002273000027002874900029003145000026003435040042003696500037004116510010004486530021004586550024004797000044005039420017005479990017005649520156005811587055420150713104541.0090817t2009 mnu frbl 001 0 eng d a9780314191281 aDLCbengcDLCdEG-ScBUE04a341bINT22200aInternational law :bcases and materials /cby Lori Fisler Damrosch ... [et al.] a5th ed. aSt. Paul :bThomson Reuters / West publishing,cc.2009. alxx, 1570 p. ;c25 cm.0 aAmerican casebook series aIndex : p. 1549-1570. aIncludes bibliographical references.  0aInternational lawvCases.2BUEsh 2BUEsh bBUSBOLcJuly2015 vreading book9342321 aDamrosch, Lori F.938229q(Lori Fisler) 2ddck341 INT c20223d20195 00102ddc40708BaccahaMAINbMAINc1STd2015-07-06epurchaseg1590.00h22353l5m23o341 INTp000038963r2025-08-19 00:00:00s2024-04-16v1987.00yBB